000 00301nam a2200121Ia 4500
008 210430s9999 xx 000 0 und d
082 _a070.43 K451 F
100 _aA R Khalid
_9151
245 _aFun E khabar nawesi /
_cA R Khalid
260 _aLAHOR
_bAR .KHLID
300 _a127 P
942 _cBK
_2ddc
999 _c563367
_d563367